| 000 | 01275cad a22002175a 4500 | ||
|---|---|---|---|
| 001 | L150079 | ||
| 008 | 100601s2010 xxkd f 000 0 eng d | ||
| 035 | _a(Sirsi) u150079 | ||
| 041 | 0 | _aeng | |
| 050 | 0 | 4 | _a332.6324 $2 18 |
| 110 | 2 |
_aDTZ Research _93886 |
|
| 245 | 0 | 0 |
_aMoney into property United Kingdom 2010 _bwhy the worst is behind us _h[electronic resource] |
| 260 |
_aLondon _bDTZ Research _c2010 |
||
| 520 | _aUK invested stock declined in 2009 by 3% in sterling terms, comparing favourably with an 8% fall in Europe and 6% US fall in local currency terms. UK private equity value slipped in 2009 to 23% below its 2007 level and public equity to more than 50% below the 2007 level. UK transaction volumes maintained their 2008 levels in 2009 whereas overall global transactions volumes fell by 35% in the same period. The UK outlook is more positive in 2010 with UK invested stock predicted to rise by 7.6% in 2010 before slowing to 2.6% growth in 2011. | ||
| 521 | _aAdvanced | ||
| 590 | _aKA NTK | ||
| 651 | 4 |
_aUnited Kingdom _y |
|
| 690 | _aPROPERTY-COMMERCIAL PROPERTY-COMMERCIAL PROPERTY FINANCE AND INVESTMENT | ||
| 856 | 4 | 0 |
_uhttps://www.dtz.com/Global/Research/Money+into+Property+2010+UK _zView the report free of charge at www.dtz.com... |
| 942 | _n0 | ||
| 999 |
_c110725 _d110725 |
||